Best selling cars UK 2015 - Statistics

General Stats
  • This quiz has been taken 286 times
  • The average score is 6 of 10
Answer Stats
Hint Answer % Correct
108,054 registrations Ford Fiesta
82%
69,053 registrations Ford Focus
80%
59,200 registrations Volkswagen Golf
74%
72,835 registrations Vauxhall Corsa
73%
42,687 registrations Vauxhall Astra
65%
45,537 registrations Volkswagen Polo
64%
35,679 registrations MINI
47%
38,253 registrations Audi A3
45%
35,505 registrations Mercedes C-Class
28%
49,715 registrations Nissan Qashqai
28%
No matching quizzes found
Score Distribution
Percent of People with Each Score
Percentile by Number Answered
Your Score History
You have not taken this quiz